Statistics for Modern-Day Countries of Majapahit

Click here to take the quiz!

General Stats

  • This quiz has been taken 13 times
  • The average score is 6 of 7

Answer Stats

Countries% Correct
Indonesia
100%
Malaysia
100%
Brunei
91%
Singapore
91%
Thailand
91%
Timor Leste
91%
Philippines
82%

Score Distribution

Percentile by Number Answered

Percent of People with Each Score

Your Score History

You have not taken this quiz